| 000 | 01733nam a2200373 c 4500 | ||
|---|---|---|---|
| 003 | BLK | ||
| 005 | 20180420230331.0 | ||
| 008 | 180409b bul|||||r ||||||| ||bul|| | ||
| 010 | _aKNG00110245000 | ||
| 040 | _aBLK | ||
| 041 |
_aBUL _cBUL |
||
| 080 |
_aФизиотерапия. Механично действащи средства. Радиотерапия и др. нелекарствени терапевтични средства и методи _b615.8 _x _z615.8 |
||
| 080 |
_aЛекарствени средства от растителен произход. Подразделя се със знак за отношение :582; :633/635; :665.3 _b615.322 _x _z615.322 |
||
| 100 | 1 |
_aСимеонов, Симеон Илиев _eпърви автор _9310150 |
|
| 700 | 1 |
_aСимеонов, Симеон Илчев _e* _9310151 |
|
| 139 |
_aСимеонов, Симеон Илиев _bС 37 |
||
| 245 | 1 | 0 |
_aСамолечението _cСимеон Илиев Симеонов; * Симеон Илчев Симеонов. |
| 257 | _aBGR | ||
| 260 |
_аВарна _bИзд. авт. _c2002 _fБез сведение за печ. |
||
| 300 |
_a160 с. _c20 см |
||
| 380 | _a61 | ||
| 500 | _aКор. загл.Самолечение. - На кор. авт. Симеон Илчев Симеонов | ||
| 650 | 4 |
_aПриродолечение - рецепти _9245887 |
|
| 650 | 4 |
_aЛечебно хранене _9244312 |
|
| 650 | 4 |
_aФитотерапия _9175865 |
|
| 653 | _aприродолечение | ||
| 653 | _aлечебно хранене | ||
| 653 | _aфитотерапия | ||
| 852 | _aЦб 217545 | ||
| 856 | 4 |
_qpdf _u |
|
| 856 | 4 |
_qpdf _u |
|
| 942 |
_cKNG _n0 |
||
| 944 |
_aCR _c16.01.2004 _kЦветанка_Енчева |
||
| 944 |
_aED _c20.02.2004 _k |
||
| 999 |
_c105124 _d105124 |
||